Quiz o islamie - Statystyki

Ogólne statystyki
  • Ten quiz został rozwiązany 100 razy
  • Średni wynik to 13 z 20
Statystyki odpowiedzi
Wskazówka Odpowiedź % Poprawnych
Centralna księga religijna islamu Koran
99%
Najważniejsze miasta Mekka
97%
Język, w którym została napisana powyższa księga Arabski
94%
Miesiąc postu Ramadan
90%
Ostatni i najważniejszy prorok Mahomet
87%
Najważniejsze miasta Medyna
85%
Wyznawcy dwóch głównych odłamów islamu Sunnici
83%
Wyznawcy dwóch głównych odłamów islamu Szyici
82%
Fraza oznaczająca „Bóg jest wielki” Allāhu Akbar
78%
Państwo z największą liczbą muzułmanów Indonezja
69%
Słowo oznaczające „walkę”, a czasem „świętą wojnę” Dżihad
65%
Drugi najważniejszy prorok Jezus
64%
Termin oznaczający system prawny oparty na islamie Szariat
60%
Termin oznaczający „dozwolony”, często odnoszący się do żywności Halal
59%
Termin oznaczający „zabronione” Haram
55%
Mały budynek w kształcie sześcianu, będący najświętszym miejscem islamu Al-Kaba
44%
Odłam fundamentalistycznego islamu, którego nazwa zaczyna się na literę W Wahhabizm
37%
Mężczyzna, który był pierwszym lub czwartym kalifem Ali
29%
Obowiązkowa pielgrzymka religijna (dla tych, którzy mogą sobie na nią pozwolić) Hadżdż
27%
Praktyka islamska, w której występują „derwisze” Sufizm
6%
Nie znaleziono quizów pasujących do podanych kryteriów
Rozkład punktacji
Procent ludzi z każdym wynikiem
Percentyl według liczby udzielonych odpowiedzi
Twoja historia wyników
Nie rozwiązałeś tego quizu